logo

Bir Sreshtho Munshi Abdur Rouf Library
Jhenaidah Cadet College

ইলেকট্রিসিটি এন্ড কম্পিউটার (Record no. 12202)

MARC details
000 -LEADER
fixed length control field 00795nam a2200229 a 4500
001 - CONTROL NUMBER
JCCL Control Number 12202
003 - CONTROL NUMBER IDENTIFIER
JCCL marc code BD-JhCC
005 - DATE AND TIME OF LATEST TRANSACTION
control field 20210323123039.0
008 - FIXED-LENGTH DATA ELEMENTS--GENERAL INFORMATION
fixed length control field 210323b 2010bg a|||| ||a| 000 0 mul d
020 ## - INTERNATIONAL STANDARD BOOK NUMBER
International Standard Book Number 9789848933060
035 ## - SYSTEM CONTROL NUMBER
system control number (BD-JhCC)12202
040 ## - CATALOGING SOURCE
Original cataloging agency BD-JhCC
Modifying agency BD-JhCC
041 ## - LANGUAGE CODE
Language code of Book mul
082 ## - DEWEY DECIMAL CLASSIFICATION NUMBER
Classification number 537.071
Author mark and Year HAQ 2010
100 ## - MAIN ENTRY--PERSONAL NAME
Personal name হক, মোঃ মমিনুল
245 ## - TITLE STATEMENT
Title ইলেকট্রিসিটি এন্ড কম্পিউটার
Statement of responsibility, etc মোঃ মমিনুল হক
260 ## - PUBLICATION, DISTRIBUTION, ETC. (IMPRINT)
Place of publication, distribution, etc ঢাকা :
Name of publisher, distributor, etc জ্ঞানকোষ প্রকাশনী;
Date of publication, distribution, etc ২০১০.
300 ## - PHYSICAL DESCRIPTION
Pagination ১৯৬ পৃ. :
Other physical details চিত্রাবলী;
Dimensions ২৪ সে.মি.
650 ## - SUBJECT ADDED ENTRY--TOPICAL TERM
Topical term or geographic name as entry element Science--Study and teaching
942 ## - ADDED ENTRY ELEMENTS (KOHA)
Source of classification or shelving scheme Dewey Decimal Classification
Koha item type Books
Holdings
Source of classification or shelving scheme Damaged status Not for loan Home library Current library Shelving location Cost, normal purchase price Total Checkouts Full call number Barcode Date last seen Copy number Koha item type
Dewey Decimal Classification     JCC Rouf Library JCC Rouf Library General Stacks 113.00   537.071 HAQ 2010 16357 03/23/2021 C-1 Books

JCC Library | Contacts | JCC Home

Last Update on 23 September 2017
Copyright @ 2017-2020 JCC Rouf Library
Rouf Library, Jhenidah Cadet College (JCC), Bangladesh